[Event "TOP 16 - Final A"]
[Site "TOP16-Final-A"]
[Date "2021.01.17"]
[Round "15"]
[White "Adrien Demuth"]
[Black "Burrito2001"]
[Result "1-0"]
[WhiteElo "2357"]
[BlackElo "2116"]
[Annotator "NA RC"]
[PlyCount "41"]
[EventDate "2021.01.17"]
[EventType "blitz"]

1. f4 {[%emt 0:00:02]} Nf6 {[%emt 0:00:10]} 2. Nf3 {[%emt 0:00:01]} d5 {[%emt 0:00:01]} 3. g3 {[%emt 0:00:01]} c6 {[%emt 0:00:02]} 4. Bg2 {[%emt 0:00:01]} Bf5 {[%emt 0:00:02]} 5. O-O {[%emt 0:00:01]} h6 {[%emt 0:00:01]} 6. d3 {[%emt 0:00:01]} Nbd7 {[%emt 0:00:02]} 7. Nc3 {[%emt 0:00:10]} Qc7 {[%emt 0:00:21]} 8. Qe1 {[%emt 0:00:27]} e6 {[%emt 0:00:19]} 9. e4 {[%emt 0:00:06]} dxe4 {[%emt 0:00:06]} 10. dxe4 {[%emt 0:00:00]} Bc5+ {[%emt 0:00:01]} 11. Kh1 {[%emt 0:00:03]} Bh7 {[%emt 0:00:04]} 12. e5 {[%emt 0:00:07]} Nd5 {[%emt 0:00:05]} 13. Ne4 {[%emt 0:00:01]} Bxe4 {[%emt 0:00:03]} 14. Qxe4 {[%emt 0:00:02]} O-O-O {[%emt 0:00:02]} 15. a3 {[%emt 0:00:51]} f5 {[%emt 0:01:20]} 16. exf6 {[%emt 0:01:13]} N7xf6 {[%emt 0:00:03]} 17. Qe2 {[%emt 0:00:04]} g5 {[%emt 0:00:25]} 18. c4 {[%emt 0:00:13]} Nb6 {[%emt 0:00:15]} 19. b4 {[%emt 0:00:08]} Be7 {[%emt 0:00:03]} 20. Qxe6+ {[%emt 0:00:43]} Kb8 {[%emt 0:00:09]} 21. Bb2 {[%emt 0:00:02] Burrito2001 abandonne (Lag: Av=0.76s, max=1.4s)} 1-0

[Event "TOP 16 - Final A"]
[Site "TOP16-Final-A"]
[Date "2021.01.17"]
[Round "15"]
[White "ProfTerrieux"]
[Black "Tander"]
[Result "1/2-1/2"]
[WhiteElo "2300"]
[BlackElo "2041"]
[Annotator "TA"]
[PlyCount "56"]
[EventDate "2021.01.17"]
[EventType "blitz"]

{[%evp 21,56,17,43,39,56,22,22,11,78,91,97,104,97,98,102,58,54,58,59,41,38,28,51,13,13,11,73,3,2,0,0,0,-10,-7,13,-31,-33]} 1. d4 e6 2. c4 Nf6 3. Nf3 b6 4. g3 Bb7 5. Bg2 Be7 6. O-O O-O 7. Re1 d5 8. cxd5 exd5 9. Nc3 Nbd7 10. Bf4 c5 11. Rc1 a6 12. Ne5 {E17: Queen's Indian: 4 g3 Bb7 5 Bg2 Be7.} Rc8 13. dxc5 (13. Nxd7 {with more complications.} Qxd7 14. Na4 Qe6 15. Qb3 Rc6 16. dxc5 b5 17. Nb6) 13... Nxc5 {[#]} 14. Be3 $146 {The position is equal.} ({Predecessor:} 14. Bh3 Ne6 15. Nf3 Rc4 16. e3 h6 17. Be5 b5 18. Nd4 Ng5 19. Bf1 b4 20. Na4 {1-0 (33) Ciorgovean,I (2220)-Samu,S (2039) Corund 2017}) 14... Nce4 (14... b5 $11) 15. Nxe4 $16 dxe4 16. Qxd8 Bxd8 17. Rxc8 Bxc8 18. Nc6 {Hoping for Rd1.} Nd5 19. Bd4 f5 20. Nxd8 Rxd8 21. e3 Be6 22. Bf1 b5 23. a4 bxa4 {[#]} (23... Nb4 $1 $11 {keeps the balance.}) 24. Bxa6 (24. Ra1 $1 $16) 24... Nb4 $11 25. Bb5 Nc2 {[%mdl 64] Double Attack} 26. Rd1 Bb3 {And now ...a3 would win.} 27. Rd2 Nxd4 (27... Ne1 $5 28. Be2 $8 Nf3+ 29. Bxf3 exf3 $11) 28. exd4 Kf7 {Weighted Error Value: White=0.20/Black=0.23} 1/2-1/2

[Event "TOP 16 - Final A"]
[Site "TOP16-Final-A"]
[Date "2021.01.17"]
[Round "15"]
[White "Harut-1998"]
[Black "SebyFischer57"]
[Result "1-0"]
[WhiteElo "2284"]
[BlackElo "2015"]
[Annotator "NA RC"]
[PlyCount "49"]
[EventDate "2021.01.17"]
[EventType "blitz"]
[WhiteTeam "Nice Alekhine "]

{Haroutyun , Barseghyan (2471)} 1. d4 {[%emt 0:00:03]} d5 {[%emt 0:00:02]} 2. c4 {[%emt 0:00:15]} e6 {[%emt 0:00:01]} 3. Nf3 {[%emt 0:00:03]} a6 {[%emt 0:00:09]} 4. Nbd2 {[%emt 0:00:18]} Nf6 {[%emt 0:00:12]} 5. g3 {[%emt 0:00:03]} dxc4 {[%emt 0:01:22]} 6. Nxc4 {[%emt 0:00:05]} b5 {[%emt 0:00:20]} 7. Nce5 {[%emt 0:00:32]} Bb7 {[%emt 0:00:04]} 8. Bg2 {[%emt 0:00:03]} Qc8 {[%emt 0:00:49]} 9. O-O {[%emt 0:00:05]} Be7 {[%emt 0:00:03]} 10. Bg5 {[%emt 0:00:09]} O-O {[%emt 0:00:13]} 11. Rc1 {[%emt 0:00:05]} Be4 {[%emt 0:00:37]} 12. Ne1 {[%emt 0:00:20]} Bxg2 {[%emt 0:00:02]} 13. Kxg2 {[%emt 0:00:10]} Qb7+ {[%emt 0:00:11]} 14. N1f3 {[%emt 0:00:07]} h6 {[%emt 0:00:19]} 15. Bxf6 {[%emt 0:00:03]} Bxf6 {[%emt 0:00:00]} 16. Kg1 {[%emt 0:00:03]} Rc8 {[%emt 0:00:39]} 17. Qd3 {[%emt 0:00:14]} c6 {[%emt 0:00:31]} 18. Qe4 {[%emt 0:00:05]} Ra7 {[%emt 0:00:14]} 19. Rc2 {[%emt 0:00:04]} Qb6 {[%emt 0:00:03]} 20. Rfc1 {[%emt 0:00:04]} Rac7 {[%emt 0:00:01]} 21. Kg2 {[%emt 0:00:57]} c5 {[%emt 0:00:38]} 22. dxc5 {[%emt 0:00:08]} Rxc5 {[%emt 0:00:01]} 23. Rxc5 {[%emt 0:00:13]} Rxc5 {[%emt 0:00:00]} 24. Qe3 {[%emt 0:00:12]} Bxe5 {[%emt 0:00:37]} 25. Qxc5 {[%emt 0:00:06] SebyFischer57 resigns} 1-0

[Event "TOP 16 - Final A"]
[Site "TOP16-Final-A"]
[Date "2021.01.17"]
[Round "15"]
[White "Yvesandre2"]
[Black "jncool68"]
[Result "1/2-1/2"]
[WhiteElo "2245"]
[BlackElo "2234"]
[Annotator "NA RC"]
[PlyCount "24"]
[EventDate "2021.01.17"]
[EventType "blitz"]

1. d4 {[%emt 0:00:02]} Nf6 {[%emt 0:00:01]} 2. c4 {[%emt 0:00:01]} e6 {[%emt 0:00:01]} 3. Nc3 {[%emt 0:00:01]} Bb4 {[%emt 0:00:01]} 4. e3 {[%emt 0:00:01]} O-O {[%emt 0:00:01]} 5. Bd2 {[%emt 0:00:02]} d5 {[%emt 0:00:03]} 6. Nf3 {[%emt 0:00:04]} b6 {[%emt 0:00:02]} 7. cxd5 {[%emt 0:00:01]} exd5 {[%emt 0:00:00]} 8. Rc1 {[%emt 0:00:01]} a6 {[%emt 0:00:05]} 9. Bd3 {[%emt 0:00:05]} Bb7 {[%emt 0:00:01]} 10. O-O {[%emt 0:00:01]} Nbd7 {[%emt 0:00:04]} 11. Ne5 {[%emt 0:00:01]} Bd6 {[%emt 0:00:03]} 12. f4 {[%emt 0:00:01]} c5 {[%emt 0:00:01] jncool68 propose la nulle (Lag: Av=0.83s, max=3.0s)} 1/2-1/2

[Event "TOP 16 - Final A"]
[Site "TOP16-Final-A"]
[Date "2021.01.17"]
[Round "15"]
[White "SFeller"]
[Black "Nikame"]
[Result "0-1"]
[WhiteElo "2220"]
[BlackElo "2037"]
[Annotator "TA"]
[PlyCount "74"]
[EventDate "2021.01.17"]
[EventType "blitz"]

{[%evp 14,74,28,13,27,3,20,4,27,18,27,26,76,20,24,-80,-87,-113,-112,-120,73,52,102,93,93,102,93,92,120,120,118,105,117,55,67,33,53,16,47,47,39,0,49,15,76,55,78,72,118,54,73,29,18,12,10,0,0,0,0,0,25,-29978,-6119]} 1. d4 Nf6 2. c4 e6 3. Nc3 d5 4. cxd5 exd5 5. Bg5 Be7 6. e3 O-O 7. Qc2 h6 8. Bh4 b6 {D35: Queen's Gambit Declined: Exchange Variation.} 9. Bd3 Bb7 10. Nge2 Re8 {The position is equal.} 11. O-O Nbd7 12. Rfd1 Rc8 {[#]} 13. Qa4 $146 (13. Nb5 $16) ({Predecessor:} 13. f3 c5 14. Bf2 Qc7 15. Nb5 Qb8 16. Bg3 Qa8 17. Qd2 Nh5 18. Nc7 Rxc7 19. Bxc7 {1-0 (40) Otawa,Y (2151)-Uehara,J (1528) Tokyo 2019}) 13... a6 14. Bxa6 {[#]} (14. Bf5 $11) 14... Ra8 $1 $17 15. Bxb7 (15. Bxf6 Nxf6) 15... Rxa4 16. Nxa4 c5 $2 (16... Nb8 $17 {and life is bright.} 17. Bxf6 Bxf6) 17. Nac3 $16 c4 18. Bxf6 Nxf6 {[#]} 19. Bc6 Rf8 20. Nf4 Qd6 21. Nfxd5 (21. Bxd5 g5 $17) (21. Ncxd5 $2 Nxd5 22. Bxd5 (22. Nxd5 $2 Bg5 $19) 22... g5 $19) 21... Nxd5 22. Bxd5 ({Wrong is} 22. Nxd5 $2 Bg5 $19) 22... b5 {Strongly threatening ...b4.} 23. e4 (23. Bf3 $16) 23... Rb8 $14 24. Ne2 g6 25. b3 Rc8 26. Rac1 {[%cal Rb3c4]} Qa6 27. Rc2 Ba3 28. Rb1 Rc7 (28... c3 $11) 29. bxc4 bxc4 {White should prevent ...Qa4.} 30. Nc3 Kg7 31. g3 (31. Nb5 $16 Qa4 32. Nxa3 (32. Nxc7 $2 {loses.} Qxc2 {[%mdl 64] Double Attack} 33. Rf1 c3 $19) 32... Qxa3 33. Bxc4 (33. Rxc4 Qxa2 34. Rcc1 Rxc1+ 35. Rxc1 Qd2 $15)) 31... h5 32. Nb5 (32. h4 {seems wilder.} Be7 33. Kg2 g5 34. hxg5 Bxg5 35. Rh1) 32... Qa4 $1 {[%cal Ra4c2]} 33. Nxa3 (33. Re2 {feels hotter.} Rd7 34. Nc3 Qa7 35. Re3 Bd6 36. e5) 33... Qxa3 34. Bxc4 h4 35. Rb3 Qa5 36. Rbc3 h3 {...Rxc4! is the strong threat.} 37. d5 $2 {[%mdl 8192] [#]} (37. Rc1 $11) 37... Rxc4 $1 {[%mdl 512] Weighted Error Value: White=0.45/Black=0.30} 0-1

[Event "TOP 16 - Final A"]
[Site "TOP16-Final-A"]
[Date "2021.01.17"]
[Round "15"]
[White "Pierre35"]
[Black "Amiralfio"]
[Result "1/2-1/2"]
[WhiteElo "2157"]
[BlackElo "1910"]
[Annotator "NA RC"]
[PlyCount "98"]
[EventDate "2021.01.17"]
[EventType "blitz"]

1. e4 {[%emt 0:00:04]} e5 {[%emt 0:00:04]} 2. Nf3 {[%emt 0:00:02]} Nc6 {[%emt 0:00:00]} 3. Bb5 {[%emt 0:00:02]} a6 {[%emt 0:00:01]} 4. Ba4 {[%emt 0:00:01]} Nf6 {[%emt 0:00:01]} 5. O-O {[%emt 0:00:02]} Bc5 {[%emt 0:00:00]} 6. c3 {[%emt 0:00:07]} b5 {[%emt 0:00:03]} 7. Bb3 {[%emt 0:00:02]} d6 {[%emt 0:00:01]} 8. a4 {[%emt 0:00:05]} Bg4 {[%emt 0:00:02]} 9. d3 {[%emt 0:00:05]} O-O {[%emt 0:00:06]} 10. Bg5 {[%emt 0:00:12]} h6 {[%emt 0:00:04]} 11. Bxf6 {[%emt 0:01:05]} Qxf6 {[%emt 0:00:00]} 12. Bd5 {[%emt 0:00:01]} Bd7 {[%emt 0:00:07]} 13. b4 {[%emt 0:00:56]} Bb6 {[%emt 0:00:04]} 14. Na3 {[%emt 0:00:01]} Rab8 {[%emt 0:00:05]} 15. axb5 {[%emt 0:00:09]} axb5 {[%emt 0:00:12]} 16. Nxb5 {[%emt 0:00:02]} Nxb4 {[%emt 0:00:16]} 17. Nxc7 {[%emt 0:00:48]} Bxc7 {[%emt 0:02:10]} 18. cxb4 {[%emt 0:00:03]} Bb6 {[%emt 0:00:09]} 19. h3 {[%emt 0:00:12]} Rfc8 {[%emt 0:00:07]} 20. Bc4 {[%emt 0:00:18]} Qg6 {[%emt 0:00:39]} 21. Kh2 {[%emt 0:00:29]} Kh7 {[%emt 0:00:07]} 22. Qe2 {[%emt 0:00:12]} f5 {[%emt 0:00:08]} 23. Nh4 {[%emt 0:00:08]} Qg5 {[%emt 0:00:02]} 24. Nxf5 {[%emt 0:00:02]} Bxf5 {[%emt 0:00:02]} 25. exf5 {[%emt 0:00:01]} Qxf5 {[%emt 0:00:10]} 26. Bd5 {[%emt 0:00:27]} Kh8 {[%emt 0:00:19]} 27. Be4 {[%emt 0:00:04]} Qf7 {[%emt 0:00:05]} 28. Qa2 {[%emt 0:00:20]} Rf8 {[%emt 0:00:19]} 29. Qxf7 {[%emt 0:00:03]} Rxf7 {[%emt 0:00:00]} 30. f3 {[%emt 0:01:13]} g5 {[%emt 0:00:23]} 31. Rfc1 {[%emt 0:00:09]} Be3 {[%emt 0:00:12]} 32. Rc6 {[%emt 0:00:04]} Rd7 {[%emt 0:00:22]} 33. Rb1 {[%emt 0:00:11]} Kg7 {[%emt 0:00:13]} 34. b5 {[%emt 0:00:13]} d5 {[%emt 0:00:39]} 35. Bf5 {[%emt 0:00:01]} Ra7 {[%emt 0:00:07]} 36. b6 {[%emt 0:00:26]} Rab7 {[%emt 0:00:16]} 37. Rg6+ {[%emt 0:00:12]} Kf7 {[%emt 0:00:06]} 38. Rxh6 {[%emt 0:00:05]} Rxb6 {[%emt 0:00:17]} 39. Rbxb6 {[%emt 0:00:13]} Rxb6 {[%emt 0:00:00]} 40. Rxb6 {[%emt 0:00:04]} Bxb6 {[%emt 0:00:01]} 41. Kg3 {[%emt 0:00:01]} Kf6 {[%emt 0:00:02]} 42. Kg4 {[%emt 0:00:01]} Bf2 {[%emt 0:00:05]} 43. Bc8 {[%emt 0:00:02]} Be1 {[%emt 0:00:01]} 44. Bb7 {[%emt 0:00:02]} d4 {[%emt 0:00:01]} 45. Be4 {[%emt 0:00:02]} Bf2 {[%emt 0:00:08]} 46. g3 {[%emt 0:00:05]} Be1 {[%emt 0:00:01]} 47. h4 {[%emt 0:00:01]} gxh4 {[%emt 0:00:00]} 48. Kxh4 {[%emt 0:00:03]} Bf2 {[%emt 0:00:05]} 49. Kh3 {[%emt 0:00:03]} Kg5 {[%emt 0:00:03] Pierre35 offers a draw} 1/2-1/2